01671nam a2200433 i 450000100060000000300080000600500170001400600190003100700150005000800410006502000180010602000270012403500230015103500240017403500250019803500210022304000310024405000230027508200120029810000260031024501060033626400420044230000380048433600310052233700330055333800430058649000520062950000230068150400290070458801250073359001640085865000190102265000180104165500270105979700190108683000530110585600620115899900170122053352FlNmELB20241216232452.0m o d | cr cnu||||||||140320s2009 ag ob 001 0 spa d z9789876430197 a9781449298913 (e-book) a(MiAaPQ)EBC3218967 a(Au-PeEL)EBL3218967 a(CaPaEBR)ebr10845057 a(OCoLC)991963584 aFINmELBbspaerdacFINmELB 4aK5015.4bB174 20090 a3452231 aBalcarce, Fabián I.10aDerecho penal de los marginados :blíneas de política criminal argentina /cFabián I. Balcarce. 1aCordoba :bAlveroni Ediciones,c2009. a1 recurso en línea (76 paginas) atextobtxt2rdacontent/spa acomputadorabc2rdamedia/spa arecurso en líneabcr2rdacarrier/spa1 aColección derecho penal y criminología ;v5 aContiene índice. aContiene bibliografía. aDescripción basada en recurso en línea; Título de la página del título en PDF (e-libro, visto March 20, 2014). aRecurso electrónico. Santa Fe, Arg.: e-libro, 2015. Disponible vía World Wide Web. El acceso puede estar limitado para las bibliotecas afiliadas a e-libro. 4aDerecho penal. 0aCriminal law. 4aLibros electrónicos.2 ae-libro, Corp. 0aColección derecho penal y criminología ;v5.40uhttps://elibro.net/ereader/politecnicointernacional/78452 c53352d53352